000 00569cab a2200229 4500
001 X1544
008 090401t1994 xxu||||| |||| 00| 0 eng d
035 _a(Sirsi) u17635
041 _aeng
100 _aAnderson, C.
245 4 _aThe need for changemasters
260 _c1994
350 _a0
490 _aCSM (Chartered Surveyor Monthly)
_vFebruary 1994, 15(1)
650 _aFACILITIES MANAGEMENT
_96240
650 _aFUTURE
650 _aORGANISATIONS
650 _aROLE
690 _aCOMMERCIAL PROPERTY-MANAGEMENT
942 _n0
948 _c04/03/1997
999 _c11690
_d11690